000 00722nam a2200229Ia 4500
003 OSt
005 20220927105221.0
006 a|||||r|||| 00| 0
007 ta
008 220926b |||||||| |||| 00| 0 eng d
024 _a188089
037 _cReference Collections
040 _aRTL
_cRTL
_beng
041 _2eng
_aeng
082 _a"X:77.73.N8, M9/SC"
100 _aAbramovitz Moses
_9371070
245 0 _aThinking about growth
_b And other essays on economic growth and welfare.
260 _aCambridge
_bCambridge University Press
_c1989
300 _a"xviii,377p."
_ccm.
942 _h"X:77.73.N8, M9/SC"
_cCC
999 _c691313
_d691313